[Event "II Festival Lazio Scacchi A Gennaio"]
[Site "Roma ITA"]
[Date "2014.01.04"]
[Round "4"]
[White "Stirpe, Claudio"]
[Black "Trebeschi, Andrea"]
[WhiteElo "2037"]
[BlackElo "2020"]
[Result "1/2-1/2"]
[PlyCount "122"]
[EventDate "2014.01.02"]

1. d4 d6 2. c4 Nf6 3. Nc3 g6 4. e4 Bg7 5. f3 O-O 6. Be3 Nc6 7. Nge2 a6 8. g4
Rb8 9. h4 e5 10. d5 Ne7 11. Ng3 Bd7 12. h5 Ne8 13. Qd2 f5 14. gxf5 gxf5 15. h6
Bh8 16. exf5 Nxf5 17. Nxf5 Bxf5 18. Rg1+ Kf7 19. O-O-O Nf6 20. Rg5 Qd7 21. f4
exf4 22. Bd4 Rg8 23. Qxf4 Rxg5 24. Qxg5 Rg8 25. Qf4 Bg4 26. Rd2 Qf5 27. Rf2 Rg5
28. Ne4 Qxf4+ 29. Rxf4 Rf5 30. Rxf5 Bxf5 31. Ng3 Bg6 32. Bh3 b6 33. Be6+ Kf8
34. b4 Bf7 35. Bc8 a5 36. bxa5 bxa5 37. Nf5 Kg8 38. Ne7+ Kf8 39. Nf5 Kg8 40.
Kb2 Ne4 41. Ne7+ Kf8 42. Bxh8 Kxe7 43. Bf5 Ng5 44. Bc3 a4 45. Bc2 Be8 46. Ka3
c6 47. Bxa4 cxd5 48. Bxe8 Kxe8 49. cxd5 Nf7 50. Bd2 Kd7 51. Kb4 Ne5 52. Kb5 Kc7
53. Ba5+ Kb7 54. Bc3 Nf7 55. Bd2 Ne5 56. Bf4 Ng4 57. Kc4 Kb6 58. Bxd6 Nxh6 59.
Kd4 Nf5+ 60. Ke5 Ne3 61. Ke6 Nxd5 1/2-1/2

[Event "II Festival Lazio Scacchi A Gennaio"]
[Site "Roma ITA"]
[Date "2014.01.04"]
[Round "4"]
[White "Pecorari, Marcello"]
[Black "Marta, Daniele"]
[WhiteElo "2032"]
[BlackElo "2036"]
[Result "1/2-1/2"]
[PlyCount "62"]
[EventDate "2014.01.02"]

1. e4 e6 2. d4 d5 3. Nd2 Nf6 4. e5 Nfd7 5. f4 c5 6. c3 b6 7. Ngf3 Be7 8. Bd3
Ba6 9. Bxa6 Nxa6 10. O-O O-O 11. Qe2 Qc8 12. a3 cxd4 13. cxd4 Nc7 14. Nb1 Qa6
15. Qxa6 Nxa6 16. Nc3 Nc7 17. Be3 a6 18. Rac1 Rac8 19. Rf2 b5 20. Rfc2 Nb6 21.
Nd1 Nca8 22. Rxc8 Rxc8 23. Rxc8+ Nxc8 24. Bc1 a5 25. Bd2 a4 26. Nc3 Nc7 27. Na2
Na6 28. Ba5 Na7 29. Bb6 Nc8 30. Ba5 Na7 31. Bb6 Nc8 1/2-1/2

[Event "II Festival Lazio Scacchi A Gennaio"]
[Site "Roma ITA"]
[Date "2014.01.04"]
[Round "4"]
[White "Pierangeli, Andrea"]
[Black "Elia, Alessio"]
[WhiteElo "1926"]
[BlackElo "1891"]
[Result "0-1"]
[PlyCount "108"]
[EventDate "2014.01.02"]

1. e4 d6 2. d4 Nf6 3. Bd3 e5 4. Ne2 d5 5. Bg5 dxe4 6. Bxe4 exd4 7. Bxf6 Qxf6 8.
Qxd4 Qxd4 9. Nxd4 Bc5 10. Nb3 Bb6 11. O-O O-O 12. c4 c6 13. Nc3 Be6 14. Bd3 Rd8
15. Rfd1 Na6 16. Be2 Nb4 17. a3 Nc2 18. Rxd8+ Rxd8 19. Rd1 Rxd1+ 20. Nxd1 Nd4
21. Nxd4 Bxd4 22. Kf1 Bf5 23. Ke1 Bc2 24. Nc3 Bxc3+ 25. bxc3 c5 26. Kd2 Be4 27.
g3 Kf8 28. Ke3 Bc6 29. Bd3 Ke7 30. Kf4 h6 31. h4 Kd6 32. g4 f6 33. Bg6 Bd7 34.
g5 fxg5+ 35. hxg5 Be6 36. Be4 b6 37. gxh6 gxh6 38. Bd3 Bd7 39. Be2 Be6 40. Bd3
Bg8 41. Kg4 Ke5 42. Kh5 Kf4 43. Kxh6 Kf3 44. Kg7 Be6 45. Kf6 Bg8 46. Ke5 Kxf2
47. Kf4 Ke1 48. Ke3 Kd1 49. a4 Be6 50. Be4 Bd7 51. Kd3 Bxa4 52. Bb7 a5 53. Ba6
Bc2+ 54. Ke3 a4 0-1

[Event "II Festival Lazio Scacchi A Gennaio"]
[Site "Roma ITA"]
[Date "2014.01.04"]
[Round "4"]
[White "Colantuono, Virginia"]
[Black "Simeone, Giulio"]
[WhiteElo "1909"]
[BlackElo "2018"]
[Result "1-0"]
[PlyCount "67"]
[EventDate "2014.01.02"]

1. e4 c6 2. d4 d5 3. f3 e5 4. dxe5 Bc5 5. Qe2 Qb6 6. Nh3 Bxh3 7. gxh3 Ne7 8.
Nd2 O-O 9. Nb3 dxe4 10. Nxc5 Qxc5 11. Qxe4 Ng6 12. f4 Rd8 13. Be3 Qa5+ 14. b4
Qa3 15. Kf2 Na6 16. Bxa6 Qxa6 17. f5 Ne7 18. Rhg1 c5 19. Qg4 g6 20. f6 Nd5 21.
Bxc5 Nxf6 22. exf6 Rd2+ 23. Kg3 Rxc2 24. Raf1 Rd8 25. Qe4 Qxa2 26. Rf2 Rc3+ 27.
Rf3 Rc2 28. Qe7 Qd5 29. Qe3 Qc6 30. Qh6 Qc7+ 31. Kh4 Rc4+ 32. Rg4 Rxg4+ 33.
Kxg4 Qd7+ 34. Kh4 1-0

[Event "II Festival Lazio Scacchi A Gennaio"]
[Site "Roma ITA"]
[Date "2014.01.04"]
[Round "4"]
[White "Vuelban, Virgilio"]
[Black "Sabetta, Alessandro"]
[WhiteElo "2304"]
[BlackElo "1962"]
[Result "1-0"]
[PlyCount "55"]
[EventDate "2014.01.02"]

1. d4 Nf6 2. c4 g6 3. Nc3 d5 4. Nf3 Bg7 5. cxd5 Nxd5 6. Bd2 c5 7. e4 Nxc3 8.
Bxc3 O-O 9. Qd2 Bg4 10. dxc5 Bxf3 11. gxf3 Qxd2+ 12. Kxd2 Nd7 13. Bxg7 Kxg7 14.
Rc1 f5 15. Bh3 fxe4 16. Bxd7 Rad8 17. fxe4 Rxd7+ 18. Ke3 Rfd8 19. Rc3 Rd2 20.
Rb3 R8d7 21. Rc1 e6 22. Rcc3 Kf6 23. Rxb7 Rxb7 24. Kxd2 Rxb2+ 25. Rc2 Rb7 26.
Kc3 Kg5 27. Kc4 Kf4 28. c6 1-0

[Event "II Festival Lazio Scacchi A Gennaio"]
[Site "Roma ITA"]
[Date "2014.01.04"]
[Round "4"]
[White "Puga Villarino, Eloy"]
[Black "Castelfranchi, Carlo"]
[WhiteElo "1825"]
[BlackElo "2052"]
[Result "0-1"]
[PlyCount "58"]
[EventDate "2014.01.02"]

1. e4 Nf6 2. Nc3 d5 3. exd5 Nxd5 4. Bc4 Nb6 5. Bb3 Nc6 6. Nf3 Bf5 7. Nh4 Bg6 8.
Nxg6 hxg6 9. Qf3 e6 10. d3 Bd6 11. g3 a5 12. a3 a4 13. Ba2 Nd4 14. Qd1 Qd7 15.
Be3 Qc6 16. Kd2 Be5 17. Ne4 O-O-O 18. Ng5 Rd7 19. h4 Nf5 20. Rb1 Rhd8 21. Qf3
Nc4+ 22. Bxc4 Qxc4 23. Qe4 Nxe3 24. fxe3 Qb5 25. Rhf1 f5 26. Qb4 Rxd3+ 27. cxd3
Qxd3+ 28. Kc1 Qxf1+ 29. Kc2 Qe2+ 0-1

[Event "II Festival Lazio Scacchi A Gennaio"]
[Site "Roma ITA"]
[Date "2014.01.04"]
[Round "4"]
[White "Molinari, Carlo"]
[Black "Barletta, Antonio"]
[WhiteElo "1913"]
[BlackElo "1979"]
[Result "0-1"]
[PlyCount "100"]
[EventDate "2014.01.02"]

1. d4 b6 2. Bf4 Bb7 3. Nd2 d6 4. Ngf3 Nf6 5. e3 g6 6. Bd3 Bg7 7. e4 O-O 8. Qe2
Nfd7 9. h4 Nc6 10. c3 e5 11. dxe5 Ndxe5 12. Bc2 Qc8 13. Nxe5 Nxe5 14. O-O-O a5
15. h5 a4 16. a3 Re8 17. hxg6 fxg6 18. Bh6 Ba6 19. Qe1 Bh8 20. Nf1 b5 21. Ne3
Bb7 22. f3 Bf6 23. Bb1 Qe6 24. Qe2 c6 25. f4 Nf7 26. g4 b4 27. f5 Qb3 28. Qc4
Qxc4 29. Nxc4 bxc3 30. bxc3 Nxh6 31. Nxd6 Re7 32. Ba2+ Kg7 33. Rdg1 Bg5+ 34.
Kc2 Rd8 35. Nxb7 Rxb7 36. Rh2 Rbd7 37. e5 Rd2+ 38. Rxd2 Rxd2+ 39. Kb1 Nf7 40.
f6+ Kf8 41. e6 Nd6 42. Rf1 Bxf6 43. g5 Ne4 44. gxf6 Nxc3+ 45. Kc1 Rxa2 46. e7+
Kf7 47. e8=Q+ Kxe8 48. f7+ Kf8 49. Rf2 Rxa3 50. Rb2 Ra1+ 0-1

[Event "II Festival Lazio Scacchi A Gennaio"]
[Site "Roma ITA"]
[Date "2014.01.04"]
[Round "4"]
[White "Golino, Giovanni"]
[Black "Sipione, Luigi"]
[WhiteElo "1874"]
[BlackElo "1970"]
[Result "0-1"]
[PlyCount "94"]
[EventDate "2014.01.02"]

1. e4 d5 2. exd5 Qxd5 3. Nc3 Qd6 4. d4 Nf6 5. Be2 c6 6. Be3 Bf5 7. Nf3 Nbd7 8.
h3 e6 9. a3 Qc7 10. O-O Bd6 11. Re1 h6 12. Nd2 O-O 13. Bf3 Nb6 14. Nce4 Nxe4
15. Nxe4 Be7 16. Qe2 Nd5 17. c3 Rad8 18. Rad1 Nxe3 19. fxe3 e5 20. Qf2 Bh7 21.
Nd2 f5 22. e4 exd4 23. cxd4 fxe4 24. Nxe4 Kh8 25. Nc5 Bg8 26. b4 Bf6 27. Ne6
Bxe6 28. Rxe6 Qf4 29. Re4 Qd6 30. Qe3 a5 31. Qb3 axb4 32. axb4 Rfe8 33. Rxe8+
Rxe8 34. d5 Qg3 35. Qd3 cxd5 36. Bg4 Re1+ 37. Rxe1 Qxd3 38. Kh1 g5 39. Kg1 Qg3
40. Re2 d4 41. Re6 Kg7 42. Bf3 d3 43. Re4 d2 44. Kf1 Bd4 45. Ke2 Qe1+ 46. Kd3
d1=Q+ 47. Bxd1 Qxd1+ 0-1

[Event "II Festival Lazio Scacchi A Gennaio"]
[Site "Roma ITA"]
[Date "2014.01.04"]
[Round "4"]
[White "Sindoni, Antonio"]
[Black "Medori, Marco"]
[WhiteElo "1911"]
[BlackElo "1914"]
[Result "0-1"]
[PlyCount "104"]
[EventDate "2014.01.02"]

1. e4 d5 2. exd5 Nf6 3. d4 Nxd5 4. c4 Nb6 5. Nf3 g6 6. Be2 Bg7 7. O-O O-O 8.
Nc3 Nc6 9. h3 e5 10. d5 Nd4 11. Nxd4 exd4 12. Nb5 c6 13. Nxd4 cxd5 14. c5 Nc4
15. b3 Qf6 16. bxc4 Qxd4 17. Qxd4 Bxd4 18. Rb1 dxc4 19. Bxc4 Bxc5 20. Bd5 Bb6
21. Bh6 Re8 22. Rfe1 Bf5 23. Rbc1 Rab8 24. Bf4 Rxe1+ 25. Rxe1 Rd8 26. Bh6 Be6
27. Bxe6 fxe6 28. Rxe6 Rd1+ 29. Kh2 Bc7+ 30. g3 Kf7 31. Re2 b5 32. Rb2 Rd5 33.
a4 a6 34. axb5 axb5 35. Be3 Ke6 36. Kg2 Be5 37. Rb3 Bd6 38. Kf3 Be7 39. Ke4 Bd6
40. Kf3 b4 41. Ke2 Ra5 42. Rb1 Ra2+ 43. Bd2 Kd5 44. Kd3 Ra3+ 45. Kc2 Kc4 46.
Rc1 Be5 47. Kd1+ Bc3 48. Rc2 Kd3 49. Bc1 Ra1 50. Re2 b3 51. Re3+ Kd4 52. Re8 b2
0-1

[Event "II Festival Lazio Scacchi A Gennaio"]
[Site "Roma ITA"]
[Date "2014.01.05"]
[Round "5"]
[White "Lazic, Miroljub"]
[Black "Machidon, Cristi"]
[WhiteElo "2468"]
[BlackElo "1877"]
[Result "1-0"]
[PlyCount "69"]
[EventDate "2014.01.02"]

1. g3 Nf6 2. Bg2 g6 3. e4 d6 4. d4 e5 5. Ne2 Bg7 6. Nbc3 O-O 7. h3 a6 8. a4 Re8
9. O-O Nc6 10. Be3 exd4 11. Nxd4 Bd7 12. Re1 h5 13. Nxc6 bxc6 14. Qd3 Rb8 15.
b3 Qc8 16. Kh2 d5 17. Bd4 c5 18. Bxf6 Bxf6 19. Nxd5 Bxa1 20. Rxa1 Re6 21. Qc3
Bc6 22. Nf6+ Rxf6 23. Qxf6 Qe6 24. Qc3 c4 25. bxc4 Re8 26. a5 h4 27. Re1 hxg3+
28. fxg3 Qe5 29. Qd2 f5 30. Qh6 Qg7 31. Qf4 Qe5 32. Qg5 Re6 33. exf5 Qxe1 34.
fxe6 Qf2 35. Qd8+ 1-0

[Event "II Festival Lazio Scacchi A Gennaio"]
[Site "Roma ITA"]
[Date "2014.01.05"]
[Round "5"]
[White "Wollenweber, Carsten"]
[Black "Drasko, Milan"]
[WhiteElo "2131"]
[BlackElo "2457"]
[Result "0-1"]
[PlyCount "106"]
[EventDate "2014.01.02"]

1. e4 e6 2. d4 d5 3. exd5 exd5 4. c4 Bb4+ 5. Nc3 Ne7 6. a3 Bxc3+ 7. bxc3 O-O 8.
Bd3 Bf5 9. Nf3 Nbc6 10. O-O Bxd3 11. Qxd3 dxc4 12. Qxc4 Qd7 13. Bf4 Rad8 14.
Rfe1 Nd5 15. Bg3 f6 16. Qd3 Nb6 17. Rad1 Qf7 18. Nd2 Na5 19. Qb5 Rd5 20. Qb4
Nc6 21. Qb3 h6 22. f3 a6 23. Ne4 Rb5 24. Qxf7+ Rxf7 25. Nc5 Rb2 26. Re8+ Kh7
27. Ne6 Nd5 28. Rd3 Rc2 29. Nf8+ Rxf8 30. Rxf8 Nxc3 31. d5 Ne2+ 32. Kf1 Nxg3+
33. hxg3 Ne5 34. Rd4 b5 35. Re8 h5 36. Re7 a5 37. Rh4 Kg6 38. g4 hxg4 39. f4
Nc4 40. Rxg4+ Kf5 41. Rg3 b4 42. axb4 axb4 43. Ke1 Nb6 44. Rd3 Rc5 45. Rd4 Nxd5
46. Rxg7 Nxf4 47. g4+ Ke5 48. Rd1 Ke4 49. Rf7 b3 50. Rd2 b2 51. Re7+ Kf3 52.
Rf2+ Kxg4 53. Rg7+ Kf5 0-1

[Event "II Festival Lazio Scacchi A Gennaio"]
[Site "Roma ITA"]
[Date "2014.01.05"]
[Round "5"]
[White "Lanzani, Mario"]
[Black "Palermo, Stefano"]
[WhiteElo "2305"]
[BlackElo "2121"]
[Result "1/2-1/2"]
[PlyCount "106"]
[EventDate "2014.01.02"]

1. c4 Nf6 2. Nc3 e6 3. e4 d5 4. cxd5 exd5 5. e5 Nfd7 6. d4 Bb4 7. Nf3 O-O 8.
Bd3 f6 9. O-O Bxc3 10. bxc3 fxe5 11. dxe5 Nc5 12. Ba3 b6 13. Nd4 Re8 14. Bb5
Bd7 15. Bxd7 Qxd7 16. f4 Nc6 17. Bxc5 bxc5 18. e6 Qd6 19. Nxc6 Qxc6 20. f5 Rf8
21. Qf3 Qd6 22. Rad1 c6 23. Qf4 Qxf4 24. Rxf4 Rae8 25. Re1 Rf6 26. g4 g6 27. c4
Kf8 28. cxd5 cxd5 29. Re5 d4 30. Rxc5 Rexe6 31. Rxd4 gxf5 32. gxf5 Re7 33. Kf2
Ra6 34. a4 Rb6 35. Rdc4 Kf7 36. Rc7 a6 37. Rxe7+ Kxe7 38. Kg3 Kf6 39. Kf4 a5
40. Re4 Rc6 41. Re6+ Rxe6 42. fxe6 Kxe6 43. Kg5 Kf7 44. Kf5 Kg7 45. Ke5 Kg6 46.
Kd5 Kf5 47. Kc5 Kg4 48. Kb5 h5 49. Kxa5 Kh3 50. Kb4 h4 51. a5 Kxh2 52. a6 h3
53. a7 Kg1 1/2-1/2

[Event "II Festival Lazio Scacchi A Gennaio"]
[Site "Roma ITA"]
[Date "2014.01.05"]
[Round "5"]
[White "Elia, Alessio"]
[Black "Albertini, Luca"]
[WhiteElo "1891"]
[BlackElo "2148"]
[Result "0-1"]
[PlyCount "28"]
[EventDate "2014.01.02"]

1. d4 d5 2. Nf3 Nf6 3. e3 c5 4. c3 Nc6 5. Qc2 e6 6. Bd3 Bd6 7. Nbd2 O-O 8. O-O
e5 9. dxc5 Bxc5 10. e4 Bg4 11. exd5 Qxd5 12. Ne4 Bxf3 13. c4 Qe6 14. Nxc5 Qg4
0-1

[Event "II Festival Lazio Scacchi A Gennaio"]
[Site "Roma ITA"]
[Date "2014.01.05"]
[Round "5"]
[White "Trebeschi, Andrea"]
[Black "Colantuono, Virginia"]
[WhiteElo "2020"]
[BlackElo "1909"]
[Result "1/2-1/2"]
[PlyCount "66"]
[EventDate "2014.01.02"]

1. e4 c5 2. Nf3 d6 3. d3 Nc6 4. g3 g6 5. Bg2 Bg7 6. O-O e6 7. c3 Nge7 8. Be3
O-O 9. Qd2 b6 10. Bh6 d5 11. Bxg7 Kxg7 12. e5 Ba6 13. Re1 Rc8 14. Na3 b5 15.
Nc2 Qb6 16. Ne3 b4 17. Ng4 Ng8 18. h4 h5 19. Ngh2 Nh6 20. Bh3 bxc3 21. bxc3 Rb8
22. Rac1 d4 23. c4 Qa5 24. Qf4 Nf5 25. g4 hxg4 26. Nxg4 Rh8 27. Nf6 Qd8 28.
Bxf5 exf5 29. Qg5 Nb4 30. Rcd1 Bb7 31. Kg2 Bxf3+ 32. Kxf3 Nc6 33. Kg3 Rb2 
1/2-1/2

[Event "II Festival Lazio Scacchi A Gennaio"]
[Site "Roma ITA"]
[Date "2014.01.05"]
[Round "5"]
[White "Marta, Daniele"]
[Black "Stirpe, Claudio"]
[WhiteElo "2036"]
[BlackElo "2037"]
[Result "1-0"]
[PlyCount "65"]
[EventDate "2014.01.02"]

1. d4 Nf6 2. c4 c5 3. Nf3 g6 4. Nc3 Bg7 5. e4 cxd4 6. Nxd4 O-O 7. Be3 Nc6 8.
Nc2 d6 9. Be2 Be6 10. b3 Qa5 11. Bd2 Rfc8 12. O-O Qd8 13. Kh1 Ne8 14. Rc1 Rab8
15. Nd5 f5 16. exf5 gxf5 17. g4 b5 18. Nf4 Bf7 19. cxb5 Ne5 20. gxf5 Qd7 21.
Nd4 Qb7+ 22. f3 Nc7 23. Rg1 Kh8 24. Ba5 Bh6 25. Qd2 Nxb5 26. Rxc8+ Rxc8 27.
Ng6+ Bxg6 28. Qxh6 Nxd4 29. Rxg6 Nxf5 30. Qh3 Qd5 31. Be1 Rc1 32. Rg1 Nd4 33.
Bc4 1-0

[Event "II Festival Lazio Scacchi A Gennaio"]
[Site "Roma ITA"]
[Date "2014.01.05"]
[Round "5"]
[White "Barletta, Antonio"]
[Black "Vuelban, Virgilio"]
[WhiteElo "1979"]
[BlackElo "2304"]
[Result "0-1"]
[PlyCount "138"]
[EventDate "2014.01.02"]

1. e4 c5 2. Nf3 Nc6 3. Bb5 d6 4. d4 cxd4 5. Bxc6+ bxc6 6. Qxd4 Ba6 7. c4 e5 8.
Qc3 Nf6 9. Nbd2 Be7 10. O-O c5 11. Re1 Bb7 12. Qd3 O-O 13. Qc2 Ne8 14. Nf1 Nc7
15. Ne3 g6 16. Bd2 a5 17. Nd5 Nxd5 18. exd5 f5 19. Qc1 Re8 20. Ng5 Bc8 21. f3
h6 22. Ne6 Bxe6 23. dxe6 Bf6 24. Bc3 Bg7 25. Qd2 Rxe6 26. Qd5 Qe8 27. Rad1 Ra7
28. b3 Kh7 29. Re2 Bf8 30. Qd2 Qa8 31. a4 Re8 32. Rb1 Rb8 33. Qc2 Qc6 34. Qd2
Rab7 35. Qa2 Qa6 36. Reb2 h5 37. Re1 Bh6 38. Qb1 Rb6 39. Qc2 Qb7 40. Bxa5 Rxb3
41. Rxb3 Qxb3 42. Qxb3 Rxb3 43. Ra1 Be3+ 44. Kf1 Bd4 45. Ra2 e4 46. fxe4 fxe4
47. Bc7 Rb1+ 48. Ke2 Rg1 49. Ra3 Rxg2+ 50. Ke1 Bb2 51. Rb3 Bc1 52. Bxd6 e3 53.
Bxc5 Bd2+ 54. Kd1 Rxh2 55. Bxe3 Bxe3 56. Rxe3 Ra2 57. Rc3 Rxa4 58. c5 Ra7 59.
c6 Rc7 60. Kd2 Kg7 61. Ke3 Kf6 62. Kd4 h4 63. Kd5 g5 64. Kd6 Rc8 65. c7 g4 66.
Kd7 Rg8 67. Rc6+ Kf5 68. Rh6 g3 69. Re6 g2 0-1

[Event "II Festival Lazio Scacchi A Gennaio"]
[Site "Roma ITA"]
[Date "2014.01.05"]
[Round "5"]
[White "Castelfranchi, Carlo"]
[Black "Pecorari, Marcello"]
[WhiteElo "2052"]
[BlackElo "2032"]
[Result "1-0"]
[PlyCount "69"]
[EventDate "2014.01.02"]

1. e4 c5 2. Nf3 d6 3. d4 cxd4 4. Nxd4 Nf6 5. Nc3 Nc6 6. Bc4 e6 7. Be3 Be7 8.
Qe2 O-O 9. O-O-O a6 10. Rhg1 Qc7 11. g4 Nxd4 12. Bxd4 e5 13. Be3 Be6 14. Bb3
Rfd8 15. g5 Ne8 16. g6 Nf6 17. gxf7+ Bxf7 18. Bh6 g6 19. h4 Bxb3 20. axb3 Kf7
21. h5 Rg8 22. hxg6+ Rxg6 23. Rxg6 hxg6 24. Bg5 Rh8 25. Qf3 Rc8 26. Rh1 Kg7 27.
Qh3 Kf7 28. Bxf6 Bxf6 29. Qh7+ Bg7 30. Rg1 Rh8 31. Qxg6+ Kf8 32. Qf5+ Ke8 33.
Nd5 Bh6+ 34. Kb1 Qa5 35. Qe6+ 1-0

[Event "II Festival Lazio Scacchi A Gennaio"]
[Site "Roma ITA"]
[Date "2014.01.05"]
[Round "5"]
[White "Rocchi, Federico"]
[Black "Pierangeli, Andrea"]
[WhiteElo "1878"]
[BlackElo "1926"]
[Result "1-0"]
[PlyCount "126"]
[EventDate "2014.01.02"]

1. c4 Nf6 2. Nc3 e5 3. g3 Be7 4. Bg2 O-O 5. Nf3 Nc6 6. O-O Re8 7. d3 d6 8. a3
Bd7 9. b4 a6 10. Bb2 Qc8 11. Nd5 Bd8 12. Re1 Nxd5 13. cxd5 Ne7 14. e4 Bh3 15.
Ng5 Bg4 16. Bf3 Bxf3 17. Qxf3 Rf8 18. Qe3 Qd7 19. d4 h6 20. Nf3 f6 21. Kg2 c6
22. dxc6 bxc6 23. Qb3+ Kh7 24. Rad1 Qa7 25. Re2 Bb6 26. Qe6 Rad8 27. Red2 exd4
28. Bxd4 c5 29. bxc5 dxc5 30. Bxc5 Bxc5 31. Rxd8 Rxd8 32. Rxd8 Bxa3 33. Rd7 Qc5
34. Nh4 Qe5 35. Qxe5 fxe5 36. Ra7 Bb2 37. Rxa6 Kg8 38. Ra8+ Kf7 39. Ra7 Ke8 40.
Nf5 Nxf5 41. exf5 Kf8 42. Rb7 Bc3 43. h4 Bd4 44. f3 Kg8 45. Kh3 h5 46. g4 hxg4+
47. fxg4 Bf2 48. Re7 Bd4 49. g5 Kf8 50. Rb7 Bf2 51. Kg4 e4 52. h5 e3 53. Kf3
Bh4 54. h6 gxh6 55. gxh6 Kg8 56. h7+ Kh8 57. Kxe3 Bf6 58. Kf4 Bh4 59. Kg4 Bf6
60. Kh5 Bd4 61. Kg6 Be5 62. f6 Bd6 63. Ra7 Bb8 1-0

[Event "II Festival Lazio Scacchi A Gennaio"]
[Site "Roma ITA"]
[Date "2014.01.05"]
[Round "5"]
[White "Sipione, Luigi"]
[Black "Molinari, Carlo"]
[WhiteElo "1970"]
[BlackElo "1913"]
[Result "1-0"]
[PlyCount "107"]
[EventDate "2014.01.02"]

1. d4 d6 2. e4 g6 3. Nf3 Bg7 4. h3 Nf6 5. Nc3 c6 6. Be3 b5 7. a3 O-O 8. Be2 a6
9. O-O Bb7 10. Qd2 Re8 11. Rad1 Nbd7 12. e5 dxe5 13. dxe5 Nd5 14. Nxd5 cxd5 15.
Bd4 e6 16. c3 Qe7 17. Rfe1 Rec8 18. h4 h5 19. Qf4 Nc5 20. Bxc5 Rxc5 21. g4 hxg4
22. Qxg4 Rac8 23. h5 gxh5 24. Qxh5 f6 25. exf6 Qxf6 26. Qg5 d4 27. Qxf6 Bxf6
28. cxd4 Rh5 29. Rd3 Kh8 30. Bd1 Bd5 31. b3 a5 32. Kf1 a4 33. Ke2 axb3 34. Bxb3
Bxb3 35. Rxb3 Rc2+ 36. Ke3 Rh3 37. Rg1 e5 38. d5 Bh4 39. Rg2 Bf6 40. d6 Rc4 41.
Rg3 Rxg3 42. fxg3 e4 43. Ne1 Bg5+ 44. Ke2 Rc5 45. Rb4 Re5 46. Rd4 Kg7 47. Ng2
Kf7 48. d7 Bd8 49. Nf4 Rg5 50. Rxe4 Rxg3 51. Re8 Bb6 52. Nd5 Rg2+ 53. Kd1 Rg1+
54. Kc2 1-0

[Event "II Festival Lazio Scacchi A Gennaio"]
[Site "Roma ITA"]
[Date "2014.01.05"]
[Round "5"]
[White "Sabetta, Alessandro"]
[Black "Puga Villarino, Eloy"]
[WhiteElo "1962"]
[BlackElo "1825"]
[Result "0-1"]
[PlyCount "102"]
[EventDate "2014.01.02"]

1. e4 c6 2. Nc3 d5 3. Nf3 Bg4 4. h3 Bxf3 5. Qxf3 Nf6 6. Be2 e6 7. O-O Bc5 8. d3
Nbd7 9. Qg3 O-O 10. Rd1 d4 11. Nb1 e5 12. Rf1 Kh8 13. f4 Nxe4 14. dxe4 d3+ 15.
Kh1 dxe2 16. Re1 exf4 17. Bxf4 Nf6 18. Nc3 Nh5 19. Qf3 Nxf4 20. Qxf4 Qd4 21.
Rxe2 Bd6 22. Rd2 Bxf4 23. Rxd4 Be5 24. Rd7 Rab8 25. Rad1 Kg8 26. Re7 Bf6 27.
Rc7 Rfd8 28. Rxd8+ Bxd8 29. Rd7 Bf6 30. Kg1 Kf8 31. Kf2 Ke8 32. Rd3 Rd8 33. Nd1
c5 34. b3 b5 35. Rd5 Bd4+ 36. Ne3 g6 37. c4 bxc4 38. bxc4 Rb8 39. Kf3 Rb2 40.
Rd6 Rxa2 41. Nd5 Rf2+ 42. Kg4 Rxg2+ 43. Kf4 Rf2+ 44. Kg5 Rf3 45. Kg4 Rg3+ 46.
Kh4 Bf2 47. Nf6+ Ke7 48. Rd7+ Kxf6 49. e5+ Kg7 50. Rxf7+ Kxf7 51. e6+ Ke8 
0-1

[Event "II Festival Lazio Scacchi A Gennaio"]
[Site "Roma ITA"]
[Date "2014.01.05"]
[Round "5"]
[White "Medori, Marco"]
[Black "Golino, Giovanni"]
[WhiteElo "1914"]
[BlackElo "1874"]
[Result "0-1"]
[PlyCount "94"]
[EventDate "2014.01.02"]

1. e4 e6 2. d4 d5 3. e5 c5 4. c3 Nc6 5. Nf3 Qb6 6. a3 Bd7 7. b4 cxd4 8. cxd4
Rc8 9. Bb2 a6 10. Be2 Na7 11. Nc3 Ne7 12. O-O Nf5 13. Qd2 Qd8 14. Rfc1 g6 15.
Nd1 Bh6 16. Rxc8 Nxc8 17. Ne3 b5 18. Qc3 Nxe3 19. fxe3 Nb6 20. Rf1 Nc4 21. Bc1
O-O 22. Bxc4 dxc4 23. e4 Bg7 24. d5 exd5 25. exd5 Bf5 26. Qd4 Qc8 27. Qc5 Qb7
28. Re1 Rc8 29. Qd4 c3 30. d6 c2 31. Qh4 h5 32. Nd4 Rc4 33. Qd8+ Kh7 34. Nxf5
gxf5 35. Qg5 Qd7 36. Qxh5+ Kg8 37. Qf3 Qe6 38. h3 Bxe5 39. Rxe5 Qxe5 40. d7 Rd4
41. Qa8+ Kh7 42. d8=Q Rd1+ 43. Kf2 Qe1+ 44. Kf3 Qf1+ 45. Kg3 Rxd8 46. Qxd8 Qxc1
47. Qc7 Qg5+ 0-1

[Event "II Festival Lazio Scacchi A Gennaio"]
[Site "Roma ITA"]
[Date "2014.01.05"]
[Round "6"]
[White "Lanzani, Mario"]
[Black "Lazic, Miroljub"]
[WhiteElo "2305"]
[BlackElo "2468"]
[Result "1/2-1/2"]
[PlyCount "20"]
[EventDate "2014.01.02"]

1. e4 e5 2. Nf3 Nc6 3. Nc3 Nf6 4. Bb5 Bb4 5. O-O O-O 6. d3 d6 7. Ng5 Bxc3 8.
bxc3 Qe7 9. Re1 Nd8 10. d4 Ne6 1/2-1/2

[Event "II Festival Lazio Scacchi A Gennaio"]
[Site "Roma ITA"]
[Date "2014.01.05"]
[Round "6"]
[White "Drasko, Milan"]
[Black "Albertini, Luca"]
[WhiteElo "2457"]
[BlackElo "2148"]
[Result "1-0"]
[PlyCount "105"]
[EventDate "2014.01.02"]

1. Nf3 d5 2. g3 Nf6 3. Bg2 e6 4. O-O Be7 5. c4 b6 6. b3 Bb7 7. Bb2 O-O 8. e3 c5
9. Nc3 Nc6 10. cxd5 exd5 11. d4 Rc8 12. Rc1 Ne4 13. dxc5 Nxc3 14. Bxc3 bxc5 15.
Qd2 Qb6 16. Qb2 f6 17. Rcd1 Rcd8 18. Qa1 Ba6 19. Rfe1 Nb4 20. Bxb4 Qxb4 21. Nh4
f5 22. Rxd5 Bxh4 23. gxh4 Rxd5 24. Bxd5+ Kh8 25. Bf3 Qxh4 26. Qe5 Qh3 27. Bg2
Qh4 28. Qxc5 Qf6 29. Qd4 Qg6 30. Kh1 h6 31. Bf3 Qf7 32. Rd1 Bb7 33. Bxb7 Qxb7+
34. Qd5 Qa6 35. Qd6 Qb7+ 36. Kg1 Rf6 37. Qd5 Qa6 38. Qc4 Rg6+ 39. Kf1 Qb6 40.
Qc8+ Kh7 41. Qxf5 Qa6+ 42. Ke1 Qc6 43. Rd4 Kh8 44. Rd8+ Kh7 45. h4 Qh1+ 46. Ke2
Qxh4 47. Rd6 Qg4+ 48. Qxg4 Rxg4 49. Ra6 h5 50. Rxa7 h4 51. Ra4 Rxa4 52. bxa4
Kh6 53. a5 1-0

[Event "II Festival Lazio Scacchi A Gennaio"]
[Site "Roma ITA"]
[Date "2014.01.05"]
[Round "6"]
[White "Vuelban, Virgilio"]
[Black "Castelfranchi, Carlo"]
[WhiteElo "2304"]
[BlackElo "2052"]
[Result "1-0"]
[PlyCount "53"]
[EventDate "2014.01.02"]

1. d4 Nf6 2. c4 g6 3. e3 e5 4. dxe5 Nh5 5. g3 Nc6 6. f4 d6 7. exd6 Bxd6 8. Nc3
O-O 9. e4 Qe7 10. Bg2 Bb4 11. Bd2 Bxc3 12. Bxc3 Rd8 13. Qa4 Bf5 14. Nf3 Qxe4+
15. Kf2 Qe7 16. Rhe1 Qc5+ 17. Re3 Rd3 18. Rae1 Rxe3 19. Rxe3 Rd8 20. Qb5 Qb6
21. Ne5 Nxe5 22. Qxe5 f6 23. Bd5+ Kh8 24. Qe7 Qd6 25. Qxd6 cxd6 26. Kf3 Bc2 27.
Re1 {...}
1-0

[Event "II Festival Lazio Scacchi A Gennaio"]
[Site "Roma ITA"]
[Date "2014.01.05"]
[Round "6"]
[White "Trebeschi, Andrea"]
[Black "Wollenweber, Carsten"]
[WhiteElo "2020"]
[BlackElo "2131"]
[Result "1-0"]
[PlyCount "99"]
[EventDate "2014.01.02"]

1. e4 d6 2. d4 Nf6 3. Nc3 Nc6 4. h3 g6 5. Nge2 Bg7 6. g3 O-O 7. Bg2 e5 8. Be3
Nd7 9. O-O f5 10. dxe5 dxe5 11. exf5 gxf5 12. f4 e4 13. Nd4 Nxd4 14. Bxd4 c6
15. Bxg7 Kxg7 16. g4 Nf6 17. Qxd8 Rxd8 18. Rad1 Be6 19. gxf5 Bxf5 20. Rfe1 Rxd1
21. Rxd1 Re8 22. Re1 Nd5 23. Nxd5 cxd5 24. Rd1 Rd8 25. c3 Kf6 26. Kf2 Ke6 27.
Rd4 Rg8 28. Bf1 Rc8 29. c4 dxc4 30. Bxc4+ Kf6 31. h4 b5 32. Bb3 Rc1 33. Rd6+
Ke7 34. Rd1 Rc5 35. Rd5 Rxd5 36. Bxd5 Kd6 37. Bb3 a5 38. Ke3 a4 39. Bd1 Kc5 40.
a3 Kc4 41. Be2+ Kc5 42. Bh5 Kc4 43. Bf7+ Kc5 44. Be8 Kc4 45. Bc6 h6 46. Bxe4
Bxe4 47. Kxe4 Kb3 48. f5 Kxb2 49. f6 Kxa3 50. f7 1-0

[Event "II Festival Lazio Scacchi A Gennaio"]
[Site "Roma ITA"]
[Date "2014.01.05"]
[Round "6"]
[White "Palermo, Stefano"]
[Black "Machidon, Cristi"]
[WhiteElo "2121"]
[BlackElo "1877"]
[Result "1/2-1/2"]
[PlyCount "53"]
[EventDate "2014.01.02"]

1. d4 d5 2. Nc3 Nf6 3. Bg5 c6 4. f3 Nbd7 5. e4 dxe4 6. fxe4 Qa5 7. Qd2 e5 8.
Nf3 Bb4 9. Bd3 exd4 10. Nxd4 h6 11. Be3 O-O 12. O-O Nc5 13. Rxf6 Nxd3 14. Qxd3
gxf6 15. Bxh6 Qe5 16. Bxf8 Kxf8 17. Nf5 Bxf5 18. exf5 Re8 19. Rf1 Qc5+ 20. Kh1
Bxc3 21. bxc3 Re3 22. Qd4 Qxc3 23. Qxa7 Re1 24. Rxe1 Qxe1+ 25. Qg1 Qc3 26. Qd1
Qa5 27. Qd6+ 1/2-1/2